| 000 | 00703nam a2200241Ia 4500 | ||
|---|---|---|---|
| 003 | OSt | ||
| 005 | 20221005023847.0 | ||
| 006 | a|||||r|||| 00| 0 | ||
| 007 | ta | ||
| 008 | 221004b |||||||| |||| 00| 0 eng d | ||
| 024 | _a122383 | ||
| 037 |
_bGift, 27/10/2012, _cTextual |
||
| 040 |
_aCRL _cCRL _beng |
||
| 041 |
_2eng _aeng |
||
| 082 | _aX:275.2'N7, K2 | ||
| 100 | _aLewis John P. | ||
| 245 | 0 |
_aQuiet crisis in India _b Economic development and American policy |
|
| 260 |
_aBombay _bAsia Publishing House India _c1962 |
||
| 300 |
_a350p. _ccm. |
||
| 650 | _aECONOMICS | ||
| 942 |
_hX:275.2'N7, K2 _cTEXL _2cc |
||
| 999 |
_c931951 _d931951 |
||